1817 1552 1049 1814 1814 1299 1681 1073 1800 1770 1952 1945 1072 1861 1089 1075 1060 1280 1699 1599 1270 1034 1097 1702 1387 1334 1277 1602 1158 1863 1596 1152 1566 1767 1527 1777 1263 1748 1920 1257 1921 1644 1871 1548 1708 1275 1349 1962 1861 1179 1092 1185 1767 1717 1383 1993 1565 1501 1882 1464 1460 1895 1167 1724 1583 1416 1860 1031 1535 1312 1722 1221 1941 1723 1772 1412 1926 1041 1161 1120 1669 1420 1137 1154 1199 1590 1772 1208 1533 1534 1118 1537 1252 1136 1343 1157 1793 1541 1028 BCNSPRNW ULIB Ver.6.0+V

เปลี่ยนเป็นภาษาไทย

Change to English
 แสดงรายละเอียดบรรณานุกรม
  กลับหน้าหลัก

Brief Record : Get Marc (ISO 2709) : E-mail record : QR code < ปิดหน้าต่าง
LEADER : 00000nam 2200000uu 4500
001    13399112549
003     ULIB
008    110824s2554||||th 000 0 tha d
020    9786165020749
090    นว.^bจ195 2554
100 0  จอมจินดา
245 00 พรหมพยศกบฎหัวใจ/^cจอมจินดา
250    พิมพ์ครั้งที่ 1
260    กรุงเทพฯ :^bSubar Beat,^c2554
300    327 หน้า
945    ^p220^l0^i18518
995    กัณชพร
999    ^aใช้งานได้ทุกระบบ
รายการนี้ยังไม่มีแท็ก
คุณยังไม่ได้ล็อกอิน คุณสามารถมีกิจกรรมร่วมกับเว็บไซต์ได้ แต่ต้องล็อกอินก่อน ::
  ล็อกอิน

รายการสื่อสารสนเทศ

ลำดับที่ ประเภท เลขเรียก/บาร์โค้ด สถานที่ สถานะ
1. นวนิยาย
นวนิยาย
นว. จ195 2554  
  Barcode: 18518
ห้องสมุดวิทยาเขตสวรรค์ประชารักษ์
►นวนิยาย
บนชั้น
  ขอยืม

รายการใกล้เคียง
    ผู้แต่ง [จอมจินดา]

BibComment


ยังไม่เคยถูกคอมเมนท์

คอมเมนท์ทรัพยากรรายการนี้
  คอมเมนท์: พรหมพยศกบฎหัวใจ จ..


 Copyright 2026. Bcnsprnw @Library